[Event "September Lviv Tradition 2019"]
[Site "Lviv"]
[Date "2019.09.24"]
[Round "2.5"]
[White "Rydstrom, Tom"]
[Black "Cherniaiev, Tykhon"]
[Result "1/2-1/2"]
[WhiteElo "2322"]
[BlackElo "2112"]
[Annotator "NA"]
[PlyCount "115"]
[EventDate "2019.09.23"]
[EventCountry "UKR"]
[SourceTitle "playchess.com"]
[Source "ChessBase"]
[SourceQuality "1"]
[TimeControl "5400+30"]

1. e4 {[%emt 0:00:27]} e5 {[%emt 0:00:00]} 2. Nf3 {[%emt 0:01:19]} Nf6 {[%emt 0:00:00]} 3. Nxe5 {[%emt 0:00:33]} d6 {[%emt 0:00:02]} 4. Nf3 {[%emt 0:00:11]} Nxe4 {[%emt 0:00:11]} 5. Bd3 {[%emt 0:00:04]} Nf6 {[%emt 0:01:31]} 6. c3 {[%emt 0:00:47]} Be7 {[%emt 0:02:15]} 7. Bc2 {[%emt 0:01:27]} O-O {[%emt 0:00:48]} 8. d4 {[%emt 0:00:02]} d5 {[%emt 0:13:01]} 9. O-O {[%emt 0:07:42]} Bg4 {[%emt 0:05:01]} 10. Re1 {[%emt 0:00:15]} c5 {[%emt 0:01:25]} 11. dxc5 {[%emt 0:06:06]} Bxc5 {[%emt 0:00:07]} 12. Be3 {[%emt 0:27:25]} Bxe3 13. Rxe3 {[%emt 0:00:02]} Qb6 {[%emt 0:01:17]} 14. Qc1 {[%emt 0:12:49]} Nc6 {[%emt 0:00:25]} 15. Nbd2 {[%emt 0:00:04]} Rfe8 {[%emt 0:00:27]} 16. Nb3 {[%emt 0:01:45]} Rxe3 {[%emt 0:18:14]} 17. Qxe3 {[%emt 0:00:12]} Bxf3 {[%emt 0:00:16]} 18. Qxf3 {[%emt 0:01:39]} Ne5 {[%emt 0:00:41]} 19. Qf4 {[%emt 0:02:48]} Re8 {[%emt 0:00:49]} 20. h3 {[%emt 0:03:46]} Nc4 {[%emt 0:06:32]} 21. Rb1 {[%emt 0:00:05]} g6 {[%emt 0:00:28]} 22. Bd3 {[%emt 0:09:08]} Ne5 {[%emt 0:05:18]} 23. Bf1 {[%emt 0:00:19]} Kg7 {[%emt 0:04:37]} 24. Rd1 {[%emt 0:00:02]} Nc4 {[%emt 0:01:08]} 25. Nd2 {[%emt 0:12:48]} Nxd2 {[%emt 0:02:03]} 26. Qxd2 {[%emt 0:00:27]} Re4 {[%emt 0:02:41]} 27. b3 {[%emt 0:04:08]} Qc5 {[%emt 0:01:24]} 28. c4 {[%emt 0:02:29]} dxc4 {[%emt 0:00:19]} 29. Bxc4 {[%emt 0:00:06]} Re7 {[%emt 0:00:13]} 30. Qb2 {[%emt 0:01:11]} Qe5 {[%emt 0:00:53]} 31. Qxe5 {[%emt 0:01:13]} Rxe5 {[%emt 0:00:05]} 32. Kf1 {[%emt 0:00:14]} Re7 {[%emt 0:02:49]} 33. Rd8 {[%emt 0:02:36]} Rc7 {[%emt 0:00:59]} 34. Ke2 {[%emt 0:01:29]} Ne4 {[%emt 0:01:18]} 35. Ke3 {[%emt 0:00:31]} Re7 {[%emt 0:00:20]} 36. a4 {[%emt 0:01:03]} b6 {[%emt 0:02:34]} 37. f3 {[%emt 0:00:43]} Nc5+ {[%emt 0:00:44]} 38. Kd4 {[%emt 0:00:31]} Nb7 {[%emt 0:00:28]} 39. Ra8 {[%emt 0:00:19]} Nd6 {[%emt 0:01:20]} 40. Bd3 {[%emt 0:00:19]} Rc7 {[%emt 0:00:41]} 41. f4 {[%emt 0:00:51]} Nc8 {[%emt 0:00:33]} 42. b4 {[%emt 0:00:21]} Ne7 {[%emt 0:00:16]} 43. Bb5 {[%emt 0:00:36]} Nf5+ {[%emt 0:02:19]} 44. Kd5 {[%emt 0:00:21]} Re7 {[%emt 0:01:19]} 45. g4 {[%emt 0:00:14]} Ne3+ {[%emt 0:00:11]} 46. Kc6 {[%emt 0:00:48]} Nc2 {[%emt 0:00:20]} 47. Kd6 {[%emt 0:00:06]} Re6+ {[%emt 0:00:14]} 48. Kc7 {[%emt 0:00:31]} Nxb4 {[%emt 0:02:12]} 49. Rxa7 {[%emt 0:00:01]} Nd5+ {[%emt 0:01:07]} 50. Kb7 {[%emt 0:01:34]} Nxf4 {[%emt 0:00:07]} 51. Ra6 {[%emt 0:00:31]} Nd5 {[%emt 0:00:25]} 52. Bc4 {[%emt 0:00:25]} Re7+ {[%emt 0:00:05]} 53. Kb8 {[%emt 0:00:21]} Re8+ {[%emt 0:00:06]} 54. Kb7 {[%emt 0:00:02]} Re7+ {[%emt 0:00:05]} 55. Kb8 {[%emt 0:00:56]} Re8+ {[%emt 0:00:06]} 56. Kb7 {[%emt 0:00:02]} Re7+ {[%emt 0:00:05]} 57. Kb8 {[%emt 0:00:02]} Re8+ {[%emt 0:00:06]} 58. Kb7 1/2-1/2

[Event "September Lviv Tradition 2019"]
[Site "Lviv"]
[Date "2019.09.24"]
[Round "3.1"]
[White "Cherniaiev, Tykhon"]
[Black "Goikhman, Valentin"]
[Result "0-1"]
[WhiteElo "2112"]
[BlackElo "2295"]
[Annotator "NA"]
[PlyCount "110"]
[EventDate "2019.09.23"]
[EventCountry "UKR"]
[SourceTitle "playchess.com"]
[Source "ChessBase"]
[SourceQuality "1"]
[TimeControl "5400+30"]

1. e4 {[%emt 0:00:00]} c5 {[%emt 0:00:00]} 2. Ne2 {[%emt 0:00:03]} d6 {[%emt 0:00:54]} 3. g3 {[%emt 0:00:16]} h5 {[%emt 0:04:54]} 4. h3 {[%emt 0:01:44]} d5 {[%emt 0:08:04]} 5. Bg2 {[%emt 0:04:11]} dxe4 {[%emt 0:00:21]} 6. Bxe4 {[%emt 0:00:06]} Nf6 {[%emt 0:00:27]} 7. Bg2 {[%emt 0:00:24]} Nc6 {[%emt 0:04:03]} 8. Nbc3 {[%emt 0:05:05]} Nd4 {[%emt 0:06:13]} 9. Ne4 {[%emt 0:12:11]} Nxe4 {[%emt 0:02:21]} 10. Bxe4 {[%emt 0:00:43]} Bf5 {[%emt 0:09:27]} 11. Bxf5 {[%emt 0:04:34]} Qd5 {[%emt 0:01:19]} 12. O-O {[%emt 0:00:54]} Nf3+ {[%emt 0:03:08]} 13. Kh1 {[%emt 0:00:16]} Qxf5 {[%emt 0:02:56]} 14. Kg2 {[%emt 0:05:17]} Qe4 {[%emt 0:07:46]} 15. Nf4 {[%emt 0:00:49]} Nd4+ {[%emt 0:01:41]} 16. f3 {[%emt 0:00:34]} Qxc2 {[%emt 0:00:12]} 17. Qe1 {[%emt 0:01:05]} Qf5 {[%emt 0:06:35]} 18. Qe4 {[%emt 0:02:41]} O-O-O {[%emt 0:02:49]} 19. b3 {[%emt 0:07:16]} g5 {[%emt 0:03:02]} 20. Qxf5+ {[%emt 0:02:00]} Nxf5 {[%emt 0:00:04]} 21. Ne2 {[%emt 0:00:12]} Bg7 {[%emt 0:01:01]} 22. Rb1 {[%emt 0:01:15]} Rd3 {[%emt 0:05:21]} 23. Nc3 {[%emt 0:02:51]} Bxc3 {[%emt 0:03:22]} 24. dxc3 {[%emt 0:00:05]} Rxc3 {[%emt 0:00:32]} 25. Bxg5 {[%emt 0:03:00]} Rg8 {[%emt 0:01:16]} 26. Bf4 {[%emt 0:01:57]} Nxg3 {[%emt 0:02:06]} 27. Bxg3 {[%emt 0:01:23]} h4 {[%emt 0:00:09]} 28. Rbc1 {[%emt 0:01:07]} Rxg3+ {[%emt 0:00:05]} 29. Kh2 {[%emt 0:00:08]} Rxc1 {[%emt 0:02:29]} 30. Rxc1 {[%emt 0:00:05]} Rxf3 {[%emt 0:01:45]} 31. Rxc5+ {[%emt 0:00:06]} Kd7 {[%emt 0:00:04]} 32. Rc2 {[%emt 0:02:09]} e5 {[%emt 0:00:15]} 33. Kg2 {[%emt 0:00:19]} Rg3+ {[%emt 0:00:16]} 34. Kh2 {[%emt 0:00:07]} f5 {[%emt 0:01:06]} 35. Rd2+ {[%emt 0:00:44]} Ke6 {[%emt 0:00:22]} 36. Rc2 {[%emt 0:00:06]} e4 {[%emt 0:01:39]} 37. Rc7 {[%emt 0:00:07]} Rd3 {[%emt 0:00:26]} 38. Rxb7 {[%emt 0:00:45]} Rd2+ {[%emt 0:00:04]} 39. Kg1 {[%emt 0:00:16]} Rxa2 {[%emt 0:00:08]} 40. Rh7 {[%emt 0:00:18]} e3 {[%emt 0:00:31]} 41. Rxh4 {[%emt 0:00:17]} Ra1+ {[%emt 0:00:08]} 42. Kg2 {[%emt 0:00:06]} e2 {[%emt 0:00:06]} 43. Rh8 {[%emt 0:00:04]} e1=Q {[%emt 0:00:12]} 44. Re8+ {[%emt 0:00:07]} Kf6 {[%emt 0:00:09]} 45. Rxe1 {[%emt 0:00:04]} Rxe1 {[%emt 0:00:04]} 46. Kf3 {[%emt 0:00:08]} Rb1 {[%emt 0:00:05]} 47. Kf4 {[%emt 0:00:11]} Rxb3 {[%emt 0:00:06]} 48. h4 {[%emt 0:00:05]} Rb4+ {[%emt 0:00:07]} 49. Kg3 {[%emt 0:00:07]} a5 {[%emt 0:00:07]} 50. h5 {[%emt 0:00:03]} a4 {[%emt 0:00:04]} 51. Kf3 {[%emt 0:00:04]} a3 {[%emt 0:00:03]} 52. Kg3 {[%emt 0:00:06]} a2 {[%emt 0:00:03]} 53. Kf3 {[%emt 0:00:05]} a1=Q {[%emt 0:00:06]} 54. Kf2 {[%emt 0:00:06]} Qa2+ {[%emt 0:00:23]} 55. Kf1 {[%emt 0:00:06]} Rb1# {[%emt 0:00:03]} 0-1

[Event "September Lviv Tradition 2019"]
[Site "Lviv"]
[Date "2019.09.24"]
[Round "3.2"]
[White "Vakulenko, Oleksandr"]
[Black "Rydstrom, Tom"]
[Result "0-1"]
[WhiteElo "2167"]
[BlackElo "2322"]
[Annotator "NA"]
[PlyCount "74"]
[EventDate "2019.09.23"]
[EventCountry "UKR"]
[SourceTitle "playchess.com"]
[Source "ChessBase"]
[SourceQuality "1"]
[TimeControl "5400+30"]

1. d4 {[%emt 0:00:00]} Nf6 {[%emt 0:05:22]} 2. c4 {[%emt 0:00:00]} e6 {[%emt 0:00:07]} 3. Nc3 {[%emt 0:00:00]} Bb4 {[%emt 0:00:40]} 4. e3 {[%emt 0:00:00]} O-O {[%emt 0:00:16]} 5. Nge2 {[%emt 0:00:07]} c6 {[%emt 0:00:43]} 6. a3 {[%emt 0:01:45]} Ba5 {[%emt 0:00:03]} 7. c5 {[%emt 0:00:47]} d5 {[%emt 0:00:26]} 8. cxd6 {[%emt 0:00:15]} Qxd6 {[%emt 0:00:25]} 9. b4 {[%emt 0:00:17]} Bc7 {[%emt 0:00:19]} 10. g3 {[%emt 0:00:17]} Nbd7 {[%emt 0:01:42]} 11. Bg2 {[%emt 0:01:17]} e5 {[%emt 0:00:13]} 12. O-O {[%emt 0:00:57]} Re8 {[%emt 0:01:23]} 13. Qc2 {[%emt 0:03:33]} Qe7 {[%emt 0:05:35]} 14. b5 {[%emt 0:15:00]} e4 {[%emt 0:03:54]} 15. a4 {[%emt 0:04:30]} Nf8 {[%emt 0:10:41]} 16. Ba3 {[%emt 0:07:08]} Qe6 {[%emt 0:00:01]} 17. d5 {[%emt 0:05:54]} Qf5 {[%emt 0:08:51]} 18. bxc6 {[%emt 0:13:08]} bxc6 {[%emt 0:00:55]} 19. dxc6 {[%emt 0:02:49]} Qh5 {[%emt 0:02:26]} 20. Nb5 {[%emt 0:00:49]} Be5 {[%emt 0:01:36]} 21. Bb2 {[%emt 0:00:53]} Ng6 {[%emt 0:02:55]} 22. Bxe5 {[%emt 0:20:06]} Ng4 {[%emt 0:04:10]} 23. h3 {[%emt 0:07:06]} N4xe5 {[%emt 0:01:41]} 24. Nf4 {[%emt 0:09:11]} Nxf4 {[%emt 0:02:06]} 25. exf4 {[%emt 0:00:15]} Nf3+ {[%emt 0:00:15]} 26. Bxf3 {[%emt 0:00:09]} exf3 {[%emt 0:00:05]} 27. h4 {[%emt 0:00:23]} Bh3 {[%emt 0:36:39]} 28. Rfe1 {[%emt 0:00:21]} Qg4 {[%emt 0:00:51]} 29. Rxe8+ {[%emt 0:00:59]} Rxe8 {[%emt 0:00:01]} 30. Qd2 {[%emt 0:00:14]} h6 {[%emt 0:04:56]} 31. Nxa7 {[%emt 0:05:09]} Bg2 {[%emt 0:00:45]} 32. Qd7 {[%emt 0:00:58]} Re6 {[%emt 0:00:02]} 33. Qd8+ {[%emt 0:00:59]} Kh7 {[%emt 0:00:09]} 34. Qd3+ {[%emt 0:00:43]} g6 {[%emt 0:00:33]} 35. Qd7 {[%emt 0:00:57]} Kg7 {[%emt 0:00:02]} 36. f5 {[%emt 0:00:28]} Qh3 {[%emt 0:01:09]} 37. f6+ {[%emt 0:00:15]} Kg8 {[%emt 0:00:03]} 0-1

[Event "September Lviv Tradition 2019"]
[Site "Lviv"]
[Date "2019.09.24"]
[Round "3.3"]
[White "Frolov, Artur"]
[Black "Gavrish, Leonid"]
[Result "1-0"]
[WhiteElo "2425"]
[BlackElo "2022"]
[Annotator "NA"]
[PlyCount "47"]
[EventDate "2019.09.23"]
[EventCountry "UKR"]
[SourceTitle "playchess.com"]
[Source "ChessBase"]
[SourceQuality "1"]
[TimeControl "5400+30"]

1. d4 {[%emt 0:01:18]} Nf6 {[%emt 0:00:56]} 2. Nf3 {[%emt 0:00:14]} c5 {[%emt 0:00:06]} 3. d5 {[%emt 0:00:59]} b5 {[%emt 0:00:07]} 4. Bg5 {[%emt 0:11:12]} Ne4 {[%emt 0:00:12]} 5. Bh4 {[%emt 0:01:20]} Bb7 {[%emt 0:00:11]} 6. Qd3 {[%emt 0:01:20]} f5 {[%emt 0:01:35]} 7. Nbd2 {[%emt 0:03:06]} c4 {[%emt 0:01:13]} 8. Qd4 {[%emt 0:00:22]} Nxd2 {[%emt 0:00:45]} 9. Qxd2 {[%emt 0:05:56]} Qb6 {[%emt 0:04:02]} 10. Rd1 {[%emt 0:19:47]} Na6 {[%emt 0:09:35]} 11. g4 {[%emt 0:04:06]} Nc7 {[%emt 0:15:10]} 12. gxf5 {[%emt 0:00:29]} Bxd5 {[%emt 0:09:55]} 13. e4 {[%emt 0:00:46]} Bc6 {[%emt 0:01:42]} 14. Bg2 {[%emt 0:00:46]} d6 {[%emt 0:06:29]} 15. Nd4 {[%emt 0:10:08]} Bb7 {[%emt 0:01:46]} 16. O-O {[%emt 0:04:47]} g6 {[%emt 0:07:43]} 17. f6 {[%emt 0:07:40]} e5 {[%emt 0:02:17]} 18. Nf3 {[%emt 0:00:02]} Qc6 {[%emt 0:11:31]} 19. Bh3 {[%emt 0:11:24]} Kf7 {[%emt 0:09:35]} 20. Bd7 {[%emt 0:04:39]} Qb6 {[%emt 0:03:18]} 21. Ng5+ {[%emt 0:01:37]} Kxf6 {[%emt 0:05:20]} 22. Ne6+ {[%emt 0:01:20]} Kf7 {[%emt 0:00:18]} 23. Qg5 {[%emt 0:00:36]} Ne8 {[%emt 0:03:30]} 24. Nxf8 {[%emt 0:00:28]} 1-0

[Event "September Lviv Tradition 2019"]
[Site "Lviv"]
[Date "2019.09.24"]
[Round "3.4"]
[White "Nester, Ihor"]
[Black "Prydun, Andriy"]
[Result "0-1"]
[WhiteElo "2383"]
[BlackElo "2273"]
[Annotator "NA"]
[PlyCount "134"]
[EventDate "2019.09.23"]
[EventCountry "UKR"]
[SourceTitle "playchess.com"]
[Source "ChessBase"]
[SourceQuality "1"]
[TimeControl "5400+30"]

1. Nf3 Nf6 {[%emt 0:00:26]} 2. c4 {[%emt 0:02:04]} c6 {[%emt 0:00:06]} 3. d4 {[%emt 0:00:06]} d5 {[%emt 0:00:04]} 4. Qc2 {[%emt 0:00:04]} e6 {[%emt 0:00:06]} 5. g3 {[%emt 0:00:18]} Nbd7 {[%emt 0:00:07]} 6. Bg2 {[%emt 0:00:06]} Be7 {[%emt 0:00:04]} 7. Nbd2 {[%emt 0:00:26]} O-O {[%emt 0:00:07]} 8. O-O {[%emt 0:00:03]} b6 {[%emt 0:00:08]} 9. e4 {[%emt 0:00:11]} Bb7 {[%emt 0:00:08]} 10. e5 {[%emt 0:00:13]} Ne8 {[%emt 0:00:03]} 11. cxd5 {[%emt 0:00:08]} cxd5 {[%emt 0:00:03]} 12. Re1 {[%emt 0:00:38]} Rc8 {[%emt 0:00:09]} 13. Qb3 {[%emt 0:03:31]} Qc7 {[%emt 0:00:11]} 14. Bf1 {[%emt 0:02:51]} Qc2 {[%emt 0:02:21]} 15. Qxc2 {[%emt 0:00:56]} Rxc2 {[%emt 0:00:07]} 16. Bd3 {[%emt 0:00:09]} Rc8 {[%emt 0:00:43]} 17. Nf1 {[%emt 0:06:56]} Nc7 {[%emt 0:00:43]} 18. Bg5 {[%emt 0:07:56]} Bxg5 {[%emt 0:00:58]} 19. Nxg5 {[%emt 0:00:02]} h6 {[%emt 0:00:36]} 20. Nf3 {[%emt 0:01:27]} Ba6 {[%emt 0:00:10]} 21. Bxa6 {[%emt 0:10:03]} Nxa6 {[%emt 0:00:02]} 22. a3 {[%emt 0:00:10]} b5 {[%emt 0:28:20]} 23. Rec1 {[%emt 0:03:00]} Nb6 {[%emt 0:00:31]} 24. b3 {[%emt 0:00:19]} b4 {[%emt 0:03:02]} 25. Rxc8 {[%emt 0:04:17]} Nxc8 {[%emt 0:00:01]} 26. Ne3 {[%emt 0:06:52]} bxa3 {[%emt 0:00:34]} 27. Rxa3 {[%emt 0:00:06]} Nb4 {[%emt 0:01:34]} 28. Kf1 {[%emt 0:17:38]} Nc6 {[%emt 0:05:06]} 29. Ra6 {[%emt 0:18:24]} N8e7 {[%emt 0:00:39]} 30. Nc2 {[%emt 0:01:30]} Rb8 {[%emt 0:00:56]} 31. b4 {[%emt 0:01:28]} g5 {[%emt 0:06:47]} 32. Ra4 {[%emt 0:05:05]} g4 {[%emt 0:11:40]} 33. Nd2 {[%emt 0:00:12]} a5 {[%emt 0:00:28]} 34. Nb3 {[%emt 0:06:06]} axb4 {[%emt 0:01:21]} 35. Ke2 {[%emt 0:00:17]} Rc8 {[%emt 0:08:20]} 36. Nxb4 {[%emt 0:02:45]} Nxb4 {[%emt 0:00:10]} 37. Rxb4 {[%emt 0:00:01]} Rc2+ {[%emt 0:00:02]} 38. Nd2 {[%emt 0:00:58]} Nf5 {[%emt 0:00:02]} 39. Kd3 {[%emt 0:00:38]} Ra2 {[%emt 0:00:41]} 40. Kc3 {[%emt 0:01:15]} Kg7 {[%emt 0:01:04]} 41. Kd3 {[%emt 0:00:11]} h5 {[%emt 0:00:08]} 42. Kc3 {[%emt 0:00:32]} Kg6 {[%emt 0:02:54]} 43. Kd3 {[%emt 0:00:06]} Ne7 {[%emt 0:13:31]} 44. Kc3 {[%emt 0:01:14]} Nc6 {[%emt 0:00:46]} 45. Rb7 {[%emt 0:00:42]} Nxd4 {[%emt 0:00:37]} 46. Kxd4 {[%emt 0:00:30]} Rxd2+ {[%emt 0:00:03]} 47. Ke3 {[%emt 0:00:08]} Rd1 {[%emt 0:00:05]} 48. f4 {[%emt 0:00:26]} gxf3 {[%emt 0:00:12]} 49. Kxf3 {[%emt 0:00:07]} Re1 {[%emt 0:00:04]} 50. h4 {[%emt 0:00:38]} Rxe5 {[%emt 0:00:06]} 51. Rd7 {[%emt 0:00:01]} Re4 {[%emt 0:00:23]} 52. Rd8 {[%emt 0:00:03]} Kg7 {[%emt 0:00:19]} 53. Rd7 {[%emt 0:00:09]} Ra4 {[%emt 0:00:08]} 54. Rd8 {[%emt 0:00:05]} Ra3+ {[%emt 0:02:25]} 55. Kf4 {[%emt 0:00:02]} Kf6 {[%emt 0:00:14]} 56. Rd6 {[%emt 0:00:43]} Ra4+ {[%emt 0:04:14]} 57. Kf3 {[%emt 0:00:03]} Ke5 {[%emt 0:01:53]} 58. Rd7 {[%emt 0:00:22]} Ra3+ {[%emt 0:00:53]} 59. Kg2 {[%emt 0:00:02]} f5 {[%emt 0:00:49]} 60. Rh7 {[%emt 0:00:02]} d4 {[%emt 0:00:34]} 61. Rxh5 {[%emt 0:00:04]} Ra2+ {[%emt 0:08:24]} 62. Kf3 {[%emt 0:00:11]} Ra3+ {[%emt 0:00:07]} 63. Kg2 {[%emt 0:00:16]} d3 {[%emt 0:00:47]} 64. Rh8 {[%emt 0:00:02]} Ra4 {[%emt 0:01:15]} 65. Kf2 {[%emt 0:00:28]} Ke4 {[%emt 0:00:21]} 66. Rd8 {[%emt 0:00:41]} Ra2+ {[%emt 0:00:06]} 67. Kg1 {[%emt 0:00:08]} d2 {[%emt 0:00:15]} 0-1

[Event "September Lviv Tradition 2019"]
[Site "Lviv"]
[Date "2019.09.24"]
[Round "3.5"]
[White "Sevostianov, Pavel"]
[Black "Siniauski, Artsiom"]
[Result "1/2-1/2"]
[WhiteElo "2260"]
[BlackElo "2233"]
[Annotator "NA"]
[PlyCount "61"]
[EventDate "2019.09.23"]
[EventCountry "UKR"]
[SourceTitle "playchess.com"]
[Source "ChessBase"]
[SourceQuality "1"]
[TimeControl "5400+30"]

1. Nf3 {[%emt 0:14:32]} Nf6 {[%emt 0:00:01]} 2. c4 {[%emt 0:00:17]} b6 {[%emt 0:00:18]} 3. g3 {[%emt 0:01:41]} Bb7 {[%emt 0:00:38]} 4. Bg2 {[%emt 0:00:11]} g6 {[%emt 0:02:00]} 5. b3 {[%emt 0:00:48]} Bg7 {[%emt 0:00:33]} 6. Bb2 {[%emt 0:00:07]} O-O {[%emt 0:00:32]} 7. O-O {[%emt 0:00:25]} d6 {[%emt 0:01:08]} 8. d4 {[%emt 0:00:45]} Nbd7 {[%emt 0:03:33]} 9. Nc3 {[%emt 0:01:27]} Ne4 {[%emt 0:03:16]} 10. Qc2 {[%emt 0:02:57]} Nxc3 {[%emt 0:05:13]} 11. Bxc3 {[%emt 0:01:04]} e5 {[%emt 0:02:30]} 12. dxe5 {[%emt 0:01:32]} dxe5 {[%emt 0:01:06]} 13. Ne1 {[%emt 0:02:57]} Bxg2 {[%emt 0:03:06]} 14. Nxg2 {[%emt 0:00:13]} Qe7 {[%emt 0:00:20]} 15. Rad1 {[%emt 0:00:34]} Rfd8 {[%emt 0:07:22]} 16. Ne3 {[%emt 0:07:15]} c6 {[%emt 0:02:34]} 17. b4 {[%emt 0:00:55]} Nf8 {[%emt 0:05:55]} 18. Qe4 {[%emt 0:02:44]} Qe6 {[%emt 0:04:07]} 19. Qc2 {[%emt 0:04:15]} Bh6 {[%emt 0:05:11]} 20. Rd3 {[%emt 0:00:46]} Rd7 {[%emt 0:07:06]} 21. Rfd1 {[%emt 0:01:03]} Rad8 {[%emt 0:00:43]} 22. Rxd7 {[%emt 0:00:56]} Rxd7 {[%emt 0:00:14]} 23. Rxd7 {[%emt 0:00:37]} Nxd7 {[%emt 0:00:09]} 24. Bd2 {[%emt 0:01:31]} Bxe3 {[%emt 0:08:57]} 25. Bxe3 {[%emt 0:00:16]} h5 {[%emt 0:00:11]} 26. a4 {[%emt 0:04:58]} h4 {[%emt 0:03:09]} 27. f3 {[%emt 0:02:45]} c5 {[%emt 0:05:58]} 28. bxc5 {[%emt 0:00:25]} Nxc5 {[%emt 0:00:06]} 29. Bxc5 {[%emt 0:00:04]} bxc5 {[%emt 0:00:04]} 30. Qe4 {[%emt 0:01:27]} hxg3 {[%emt 0:02:13]} 31. hxg3 {[%emt 0:00:05]} 1/2-1/2

[Event "September Lviv Tradition 2019"]
[Site "Lviv"]
[Date "2019.09.25"]
[Round "4.1"]
[White "Goikhman, Valentin"]
[Black "Siniauski, Artsiom"]
[Result "1/2-1/2"]
[WhiteElo "2295"]
[BlackElo "2233"]
[Annotator "NA"]
[PlyCount "94"]
[EventDate "2019.09.23"]
[EventType "tourn"]
[EventCountry "UKR"]
[SourceTitle "playchess.com"]
[Source "ChessBase"]
[SourceQuality "1"]
[TimeControl "5400+30"]

1. e4 {[%emt 0:00:00]} e6 {[%emt 0:00:00]} 2. d4 {[%emt 0:00:00]} d5 {[%emt 0:00:00]} 3. Nc3 {[%emt 0:00:48]} Nf6 {[%emt 0:00:05]} 4. e5 {[%emt 0:00:57]} Nfd7 {[%emt 0:00:08]} 5. f4 {[%emt 0:01:29]} c5 {[%emt 0:00:10]} 6. Nf3 {[%emt 0:00:03]} Nc6 {[%emt 0:00:10]} 7. Be3 {[%emt 0:00:23]} cxd4 {[%emt 0:00:37]} 8. Nxd4 {[%emt 0:00:43]} Bc5 {[%emt 0:00:22]} 9. Be2 {[%emt 0:10:54]} O-O {[%emt 0:01:43]} 10. Qd2 {[%emt 0:06:01]} a6 {[%emt 0:05:54]} 11. O-O {[%emt 0:02:34]} Nxd4 {[%emt 0:03:13]} 12. Bxd4 {[%emt 0:00:11]} b5 {[%emt 0:00:38]} 13. Kh1 $11 {[%emt 0:15:20]} Qb6 {[%emt 0:18:15]} 14. Bxc5 {[%emt 0:02:53]} Qxc5 {[%emt 0:00:19]} 15. f5 {[%emt 0:07:32]} d4 {[%emt 0:05:52]} 16. Ne4 {[%emt 0:12:00]} Qxe5 {[%emt 0:02:50]} 17. Rae1 {[%emt 0:07:49]} exf5 {[%emt 0:10:55]} 18. Ng3 {[%emt 0:02:10]} Bb7 {[%emt 0:04:47]} 19. Bf3 {[%emt 0:05:02]} Qc7 {[%emt 0:00:15]} 20. Bxb7 {[%emt 0:01:36]} Qxb7 {[%emt 0:00:07]} 21. Nxf5 {[%emt 0:00:47]} g6 {[%emt 0:08:56]} 22. Qh6 {[%emt 0:12:48]} gxf5 {[%emt 0:00:54]} 23. Rf3 {[%emt 0:01:06]} Qb6 {[%emt 0:15:28]} 24. Rg3+ {[%emt 0:00:15]} Qg6 {[%emt 0:00:05]} 25. Qf4 {[%emt 0:02:59]} Rae8 {[%emt 0:00:13]} 26. Rf1 {[%emt 0:00:55]} Re4 {[%emt 0:04:14]} 27. Qxf5 {[%emt 0:00:18]} Kh8 {[%emt 0:00:06]} 28. Qxd7 {[%emt 0:02:53]} Qe6 {[%emt 0:00:11]} 29. Qa7 {[%emt 0:01:47]} Rf4 {[%emt 0:03:17]} 30. Rg1 {[%emt 0:00:37]} Qf6 {[%emt 0:00:46]} 31. h3 {[%emt 0:01:53]} Rg8 {[%emt 0:00:50]} 32. Rxg8+ {[%emt 0:00:27]} Kxg8 {[%emt 0:00:05]} 33. Qb8+ {[%emt 0:00:23]} Kg7 {[%emt 0:00:06]} 34. Re1 {[%emt 0:00:43]} d3 {[%emt 0:03:31]} 35. cxd3 {[%emt 0:00:28]} Rf1+ {[%emt 0:00:04]} 36. Rxf1 {[%emt 0:00:35]} Qxf1+ {[%emt 0:00:04]} 37. Kh2 {[%emt 0:00:02]} Qxd3 {[%emt 0:00:13]} 38. Qg3+ {[%emt 0:00:59]} Qg6 {[%emt 0:00:34]} 39. Qe5+ {[%emt 0:00:12]} Kf8 {[%emt 0:00:25]} 40. a3 {[%emt 0:00:17]} Qb1 {[%emt 0:03:15]} 41. Qh8+ {[%emt 0:00:18]} Ke7 {[%emt 0:00:05]} 42. Qe5+ {[%emt 0:00:03]} Kd7 {[%emt 0:00:20]} 43. h4 {[%emt 0:01:15]} Qg6 {[%emt 0:01:05]} 44. g3 {[%emt 0:00:48]} h5 {[%emt 0:00:30]} 45. Qd5+ {[%emt 0:00:17]} Kc7 {[%emt 0:00:14]} 46. Qc5+ {[%emt 0:00:10]} Kb7 {[%emt 0:00:15]} 47. Qd5+ {[%emt 0:00:54]} Kb6 {[%emt 0:00:08]} 1/2-1/2